000 00387cam a2200145 i 4500
005 20260402121115.0
008 250721s1959 xxu gr 000 0 eng d
082 1 4 _a813.52
_bw
100 1 _awaggoner, hyatt h.
_eauthor.
245 1 0 _aWilliam Faulkner /
_cauthor.
264 3 1 _bkentucky press,
_c1959.
_anew york:
650 1 7 _afaulkner.
942 _2ddc
_cBK
999 _c46690
_d46690